|
|
|
|
| LEADER |
01045nam a2200313 a 4500 |
| 001 |
000060619 |
| 003 |
CZ BrMZK |
| 005 |
20211207190139.0 |
| 007 |
ta |
| 008 |
950313s1996 xr g f cze d |
| 015 |
|
|
|a cnb000117553
|
| 020 |
|
|
|a 80-7170-500-4
|
| 040 |
|
|
|a BOA001
|b cze
|
| 072 |
|
7 |
|a 821.111(73)-3
|x Americká próza
|2 Konspekt
|9 25
|
| 080 |
|
|
|a 821.111(73)-31
|2 MRF
|
| 080 |
|
|
|a (0:82-312.5)
|2 MRF
|
| 100 |
1 |
|
|a Smith, Ruth Alana
|7 xx0042529
|4 aut
|
| 245 |
1 |
0 |
|a Na druhý pokus /
|c Ruth Alana Smithová ; [překlad Evženie Závodská].
|
| 260 |
|
|
|a Praha :
|b Harlequin,
|c 1996
|
| 300 |
|
|
|a 247 s. ;
|c 18 cm
|
| 490 |
1 |
|
|a Superromance ;
|v 32 (X 01ú96)
|
| 655 |
|
7 |
|a americké romány
|7 fd131796
|2 czenas
|
| 655 |
|
7 |
|a milostné romány
|7 fd132840
|2 czenas
|
| 700 |
1 |
|
|a Zavodská, Evženie
|7 jn19981002439
|4 trl
|
| 765 |
0 |
|
|t <<The >>second time around
|
| 830 |
|
0 |
|a Superromance
|
| 910 |
|
|
|a BOA001
|b 1-1018.499
|
| 990 |
|
|
|a BK
|
| 996 |
6 |
|
|b 2610033967
|c 1-1018.499
|l MZK
|r Sklad / do 1 hodiny
|n 7
|p p.v.
|w 000060619
|u 000010
|a 1
|e BOA001
|j MZK50
|s P
|